01036nam a2200253 a 450000100060000000300080000600500170001400800410003103500190007204000480009104100080013908200250014710000360017224500520020826000570026030000280031750400500034565100480039565100440044394200120048799900170049995201330051695201330064942176BD-RjUL20211209053514.0160611s1953 mnua b 001 0 eng d a(BD-RjUL)42294 aDLCcWSUdSERdm.c.dOCLdEQOdBD-RjULbeng aeng a327.51223bLEM 19531 aLevi, Wernerd1912-2005912971010aModern China's foreign policy /cby Werner Levi aMinneapolis :bUniversity of Minnesota Press,cc1953 a399 p. :bill ;c24 cm. aIncludes bibliographical references and index 0aChinaxForeign relationsy1912-19499129599 0aChinaxForeign relationsy1949-9129711 2ddccBK c42176d42176 00102ddc40708NFICaRUCLbRUCLcStackd1955-08-09eO.U.Pg22.80l0o327.51 LEM 1953r2016-06-11 00:00:00tC-2w2016-06-11yBK 00102ddc40708NFICaRUCLbRUCLcStackd1955-08-09eO.U.Pg22.80l0o327.51 LEM 1953r2016-06-11 00:00:00tC-3w2016-06-11yBK